Tintin Books by Cover Quiz Stats

Quiz Updated Jun 27, 2015

Also try: Tintin Books
Challenge
Share
Tweet
Score 0/23 Timer 06:00
1 Play Today
% Correct
Tintin in Tibet
80.6%
Tintin in America
79.3%
The Black Island
75.3%
The Blue Lotus
73.6%
The Seven Crystal Balls
67.8%
Tintin in the Congo
66.9%
The Broken Ear
61.5%
The Calculus Affair
61.4%
Destination Moon
58.7%
Red Rackham's Treasure
56.5%
Cigars of the Pharaoh
55.2%
The Secret of the Unicorn
52%
% Correct
The Crab with the Golden Claws
51.1%
The Red Sea Sharks
48.2%
Tintin and the Picaros
48%
Explorers on the Moon
48%
Flight 714
47.1%
The Castafiore Emerald
46.9%
Land of Black Gold
46.3%
The Shooting Star
45.5%
Tintin in the Land of Soviets
45.4%
King Ottokar's Sceptre
45.2%
Prisoners of the Sun
42.6%

You're not logged in!

Compare scores with friends on all Sporcle quizzes.
Sign Up with Email
OR
Log In

You Might Also Like...

Show Comments

Extras

Top Quizzes Today


Score Distribution

Your Account Isn't Verified!

In order to create a playlist on Sporcle, you need to verify the email address you used during registration. Go to your Sporcle Settings to finish the process.